000 00572nam a2200217Ia 4500
005 20250508164710.0
008 008 250505s9999 xx 000 0 eng d
020 _a0-335-21226-3
037 _aTextual
040 _aFEDL
_beng
_cFEDL
041 _aeng
_2eng
084 _a153.4, FLA
_qFEDL
100 _aFlavell John H and others
_9778900
245 0 _aCognitive development
250 _a3
260 _aNew Jeresy, USA
_bPrentice Hall
_c1977
300 _a406p.
546 _aPhotocopy
942 _cTEXL
_h153.4, FLA
999 _c1390636
_d1390636